[Event "OLSW 2122 SC GEMA St. Ingbert - Turm Il"]
[Site "?"]
[Date "2022.02.13"]
[Round "6.5"]
[White "Feidt, Jonas"]
[Black "Unbehend, Marius"]
[Result "1-0"]
[WhiteElo "1567"]
[BlackElo "1600"]
[PlyCount "191"]
[EventDate "2022.??.??"]

1. c4 e6 2. g3 d5 3. Bg2 Nf6 4. Nf3 c6 5. O-O Be7 6. b3 O-O 7. Bb2 Ne4 8. Qc2
Nd7 9. d3 Ng5 10. Nfd2 f5 11. e4 dxe4 12. dxe4 f4 13. h4 f3 14. hxg5 fxg2 15.
Kxg2 Bxg5 16. e5 b6 17. Ne4 Bb7 18. Nd6 Qc7 19. Nd2 Bxd2 20. Qxd2 c5+ 21. f3
Rad8 22. Rad1 Bc6 23. Qg5 Nb8 24. Rd3 Bd7 25. Rfd1 Nc6 26. a3 a6 27. Rh1 Be8
28. Rd2 Bg6 29. Rhd1 Ne7 30. g4 Nc6 31. Kg3 Ne7 32. Rh1 Nc8 33. Rhd1 Nxd6 34.
exd6 Qd7 35. Qe5 Rf7 36. Re1 Rdf8 37. Rf2 Re8 38. Re3 Rff8 39. Rd2 Rf7 40. Rde2
Rff8 41. Kg2 Rf7 42. Qg3 Rff8 43. Be5 Qc6 44. Kf2 Rf7 45. Bb2 Qd7 46. Qe5 Rff8
47. Qc3 Rf7 48. Qd2 Rff8 49. Be5 Rf7 50. Kg2 Rff8 51. Qe1 Qc6 52. Rf2 Qb7 53.
Bg3 Qd7 54. Rfe2 Bf7 55. Qh1 Bg6 56. Qh3 a5 57. a4 Kh8 58. Kg1 Kg8 59. Be5 Rf7
60. f4 Ref8 61. Qh4 Re8 62. Rf2 Ref8 63. Ref3 Be4 64. Rh3 Bg6 65. Rfh2 Qc8 66.
Qg5 Qd7 67. Qxg6 Rxf4 68. Qxh7+ Kf7 69. Qxg7+ Ke8 70. Qxd7+ Kxd7 71. Bxf4 Rxf4
72. Rg3 Kxd6 73. Rf2 Rd4 74. g5 Rd1+ 75. Kg2 Ke5 76. g6 Rd8 77. g7 Rg8 78. Rf8
Rxg7 79. Rxg7 Kd4 80. Rb7 e5 81. Rxb6 e4 82. Re8 e3 83. Rb5 Kd3 84. Rxc5 Kd2
85. Rxe3 Kxe3 86. Rd5 Ke4 87. Rd1 Ke3 88. c5 Ke2 89. Rd7 Ke3 90. c6 Kf4 91. c7
Ke5 92. c8=Q Ke6 93. Qe8+ Kf6 94. Rf7+ Kg6 95. Qg8+ Kh6 96. Rh7# 1-0

[Event "OLSW 2122 SC GEMA St. Ingbert - Turm Il"]
[Site "?"]
[Date "2022.02.13"]
[Round "6.7"]
[White "Aubertin, Tim"]
[Black "Baus, Christian"]
[Result "0-1"]
[WhiteElo "1903"]
[BlackElo "2080"]
[PlyCount "90"]
[EventDate "2022.??.??"]

1. d4 e6 2. Bf4 d5 3. e3 c5 4. c3 Qb6 5. Qb3 f5 6. Nf3 Nf6 7. Na3 Bd7 8. Qxb6
axb6 9. Nb5 Bxb5 10. Bxb5+ Nc6 11. Ne5 Rc8 12. Nxc6 bxc6 13. Ba6 Rd8 14. Bc7
Ra8 15. Bb7 Ra7 16. Bxc6+ Kf7 17. Bxb6 Ra6 18. dxc5 Bxc5 19. Bxc5 Rxc6 20. Bb4
Ra8 21. a4 Ne4 22. f3 Nf6 23. Ke2 e5 24. h3 h5 25. a5 h4 26. Ra4 g5 27. Rha1
Rca6 28. Kd3 Nd7 29. c4 Ke6 30. cxd5+ Kxd5 31. e4+ Ke6 32. exf5+ Kxf5 33. Kc4
Rb8 34. Bc3 Rc6+ 35. Kd5 Rcc8 36. Rb4 Nf6+ 37. Kd6 Rd8+ 38. Kc7 Nd5+ 39. Kc6
Nxb4+ 40. Bxb4 Rxb4 41. a6 Rxb2 42. a7 Ra8 43. Ra4 Rxg2 44. Kb7 Rxa7+ 45. Kxa7
Rg3 0-1

[Event "OLSW 2122 SK Altenkirchen - SV Speyer S"]
[Site "?"]
[Date "2022.02.13"]
[Round "6.1"]
[White "Boguslawski, Oleg"]
[Black "Bruehl, Andreas"]
[Result "1/2-1/2"]
[WhiteElo "2380"]
[BlackElo "2324"]
[PlyCount "80"]
[EventDate "2022.??.??"]

1. e4 e5 2. Bc4 Nf6 3. d3 Nc6 4. Nc3 Na5 5. Nge2 Nxc4 6. dxc4 d6 7. Bg5 Be7 8.
Qd3 O-O 9. O-O Be6 10. b3 h6 11. Bxf6 Bxf6 12. Rad1 Be7 13. Nd5 Qd7 14. Ng3
Rad8 15. Nf5 Bxf5 16. exf5 c6 17. Nc3 Rfe8 18. Qe4 Bg5 19. h4 Bf6 20. Rd3 Qe7
21. g3 Rd7 22. Rfd1 h5 23. a4 Red8 24. R1d2 Kh7 25. Qf3 g6 26. Ne4 Kg7 27. fxg6
d5 28. Nxf6 Qxf6 29. Qxf6+ Kxf6 30. gxf7 Kxf7 31. cxd5 cxd5 32. Rf3+ Ke6 33.
Kg2 Rc8 34. Re2 d4 35. Rf4 Rxc2 36. Rxc2 exf4 37. gxf4 d3 38. Rd2 Kf5 39. Kf3
Rd4 40. Ke3 Rxf4 1/2-1/2

[Event "OLSW 2122 SK Altenkirchen - SV Speyer S"]
[Site "?"]
[Date "2022.02.13"]
[Round "6.2"]
[White "Wagener, Claude"]
[Black "Bodrozic, Tomislav"]
[Result "1-0"]
[WhiteElo "2210"]
[BlackElo "2351"]
[PlyCount "127"]
[EventDate "2022.??.??"]

1. e4 c5 2. Nf3 d6 3. d4 cxd4 4. Nxd4 Nf6 5. Nc3 a6 6. Bd3 e5 7. Nde2 Be7 8.
O-O O-O 9. f4 Nbd7 10. Kh1 b5 11. Ng3 b4 12. Nd5 Nxd5 13. exd5 exf4 14. Rxf4 a5
15. Nf5 Ne5 16. Nxe7+ Qxe7 17. a3 b3 18. cxb3 f5 19. Bc4 g5 20. Rf1 f4 21. Bd2
Bg4 22. Qe1 Rae8 23. Bb5 Rb8 24. a4 Bd7 25. Bxd7 Qxd7 26. Bxa5 Qg4 27. Bc3 Rbe8
28. Qf2 Nd3 29. Qd4 Ne5 30. Rae1 Qh5 31. Qd1 g4 32. Bxe5 dxe5 33. d6 f3 34.
Qd5+ Kh8 35. d7 Rd8 36. gxf3 gxf3 37. Qxe5+ Qxe5 38. Rxe5 Rxd7 39. Re3 f2 40.
Re2 Rf3 41. Rfxf2 Rxb3 42. Rg2 Rb8 43. Rg4 Ra7 44. Rf2 h5 45. Re4 Kg7 46. Kg2
Rb3 47. Kf1 Ra5 48. Ke1 Rd5 49. Rc4 Rbd3 50. Rc1 Ra5 51. Ra1 Rb3 52. Kd1 Rb4
53. Ra3 Rbxa4 54. Rxa4 Rxa4 55. Kc2 Kg6 56. Kc3 Ra8 57. b4 Rc8+ 58. Kd4 Rb8 59.
Rb2 Kf5 60. Kd5 h4 61. b5 Kg4 62. Kc6 Rh8 63. Rb3 Rh6+ 64. Kb7 1-0

[Event "OLSW 2122 SK Altenkirchen - SV Speyer S"]
[Site "?"]
[Date "2022.02.13"]
[Round "6.3"]
[White "Berend, Fred"]
[Black "Heidorn, Oliver"]
[Result "1-0"]
[WhiteElo "2320"]
[BlackElo "2109"]
[PlyCount "67"]
[EventDate "2022.??.??"]

1. d4 Nf6 2. Bg5 c6 3. Nd2 Qb6 4. Ngf3 d5 5. e3 Bf5 6. Bd3 Ne4 7. Bf4 h6 8. O-O
Nd7 9. Bxe4 dxe4 10. Nc4 Qa6 11. Nfd2 g5 12. Bg3 h5 13. f3 h4 14. Be1 exf3 15.
Qxf3 Be6 16. b3 g4 17. Qe2 Bg7 18. a4 Nb6 19. Rf4 Nd5 20. Rxg4 Bxg4 21. Qxg4
Bf6 22. Ne4 b5 23. Na5 Qc8 24. Qf3 bxa4 25. c4 Nb6 26. Nxf6+ exf6 27. Nxc6 Rh6
28. c5 axb3 29. cxb6 axb6 30. Rb1 Ra2 31. Nb4 Ra7 32. Qe4+ Re7 33. Qc6+ Qxc6
34. Nxc6 1-0

[Event "OLSW 2122 SK Altenkirchen - SV Speyer S"]
[Site "?"]
[Date "2022.02.13"]
[Round "6.4"]
[White "Telke, Holger"]
[Black "Berend, Elvira"]
[Result "1/2-1/2"]
[WhiteElo "2080"]
[BlackElo "2311"]
[PlyCount "43"]
[EventDate "2022.??.??"]

1. d4 Nf6 2. c4 e6 3. g3 Bb4+ 4. Bd2 c5 5. Bxb4 cxb4 6. Bg2 O-O 7. Qd2 a5 8. e4
d6 9. e5 dxe5 10. dxe5 Nfd7 11. f4 Qc7 12. Qc2 a4 13. Nd2 Nc6 14. Ngf3 Qb6 15.
Ne4 b3 16. Qf2 Qb4+ 17. Qd2 Qxc4 18. Nd6 Qb4 19. axb3 Qxb3 20. Nd4 Nxd4 21.
Qxd4 Qb6 22. Qxb6 1/2-1/2

[Event "OLSW 2122 SK Altenkirchen - SV Speyer S"]
[Site "?"]
[Date "2022.02.13"]
[Round "6.5"]
[White "Commercon, Simon"]
[Black "Schmidt, Reiner"]
[Result "1-0"]
[WhiteElo "2197"]
[BlackElo "2130"]
[PlyCount "39"]
[EventDate "2022.??.??"]

1. d4 Nf6 2. c4 g6 3. g3 Bg7 4. Bg2 O-O 5. Nc3 d6 6. Nf3 Nbd7 7. O-O e5 8. e4
exd4 9. Nxd4 Re8 10. h3 a6 11. Be3 Rb8 12. b3 c5 13. Nde2 b5 14. Qxd6 b4 15.
Na4 Nxe4 16. Bxe4 Rxe4 17. Rad1 Rxe3 18. fxe3 Qg5 19. Qf4 Qe7 20. Rxd7 1-0

[Event "OLSW 2122 SK Altenkirchen - SV Speyer S"]
[Site "?"]
[Date "2022.02.13"]
[Round "6.6"]
[White "Kaster, Martin"]
[Black "Kraemer, Enrico"]
[Result "0-1"]
[WhiteElo "2068"]
[BlackElo "2218"]
[PlyCount "104"]
[EventDate "2022.??.??"]

1. Nf3 d5 2. d4 Nf6 3. c4 e6 4. Nc3 dxc4 5. e3 a6 6. a4 Bb4 7. Bxc4 O-O 8. O-O
b6 9. Ne5 Bb7 10. f3 Nbd7 11. Nd3 Be7 12. e4 c5 13. d5 exd5 14. exd5 b5 15.
axb5 Nb6 16. b3 axb5 17. Rxa8 Bxa8 18. Bxb5 Nfxd5 19. Ne4 Nc7 20. Bc4 Nxc4 21.
bxc4 Qd4+ 22. Ndf2 Qxc4 23. Qd7 Nd5 24. Bd2 Qa6 25. Qf5 Qe6 26. Qxe6 fxe6 27.
Rc1 Rc8 28. Nd3 c4 29. Ne5 Nb6 30. Be3 Bxe4 31. fxe4 Bf6 32. Nf3 Nd7 33. Kf1
Ne5 34. Nd4 Ng4 35. Bg1 Bxd4 36. Bxd4 Nxh2+ 37. Ke2 Ng4 38. Kf3 Nf6 39. Kf4 Kf7
40. Ra1 Rc7 41. Be5 Rc5 42. Ra7+ Kg6 43. Bc3 Nh5+ 44. Kf3 Rg5 45. g4 Nf6 46.
Re7 h5 47. gxh5+ Rxh5 48. Ke3 e5 49. Be1 Rh3+ 50. Ke2 Ng4 51. Re6+ Kf7 52. Rc6
Re3+ 0-1

[Event "OLSW 2122 SK Altenkirchen - SV Speyer S"]
[Site "?"]
[Date "2022.02.13"]
[Round "6.7"]
[White "Flierl, Pascal"]
[Black "Hoffmann, Thomas"]
[Result "1-0"]
[WhiteElo "2188"]
[BlackElo "2033"]
[PlyCount "39"]
[EventDate "2022.??.??"]

1. e4 d6 2. Nc3 c5 3. f4 g6 4. Nf3 Bg7 5. Bb5+ Bd7 6. Bc4 Nc6 7. O-O e6 8. d3
a6 9. Qe1 b6 10. Bb3 Nge7 11. Qh4 Nd4 12. Nxd4 Bxd4+ 13. Kh1 Bc6 14. f5 exf5
15. Bg5 c4 16. dxc4 Bxc3 17. bxc3 Bxe4 18. Rae1 h6 19. Ba4+ Kf8 20. Bxh6+ 1-0

[Event "OLSW 2122 SF Heidesheim - SK Landau"]
[Site "?"]
[Date "2022.02.13"]
[Round "6.1"]
[White "Leuranguer, Yannick"]
[Black "Perske, Thore"]
[Result "1/2-1/2"]
[WhiteElo "2236"]
[BlackElo "2455"]
[PlyCount "45"]
[EventDate "2022.??.??"]

1. e4 e6 2. d4 d5 3. Nd2 c5 4. exd5 exd5 5. Ngf3 a6 6. c3 Nf6 7. Bd3 Be7 8.
dxc5 Bxc5 9. O-O O-O 10. h3 Nc6 11. Nb3 Bb6 12. Bg5 h6 13. Bh4 g5 14. Bg3 Ne4
15. Bxe4 dxe4 16. Ne5 Qxd1 17. Raxd1 Nxe5 18. Bxe5 Re8 19. Bf6 Be6 20. Rfe1
Bxb3 21. axb3 Re6 22. Bd4 Bc7 23. Be3 1/2-1/2

[Event "OLSW 2122 SF Heidesheim - SK Landau"]
[Site "?"]
[Date "2022.02.13"]
[Round "6.3"]
[White "Silber, Henning"]
[Black "Hinrichs, Paul"]
[Result "1/2-1/2"]
[WhiteElo "2293"]
[BlackElo "2252"]
[PlyCount "35"]
[EventDate "2022.??.??"]

1. e4 e5 2. Nf3 Nc6 3. d4 exd4 4. Nxd4 Bb4+ 5. c3 Bc5 6. Nxc6 bxc6 7. Bd3 d6 8.
O-O Nf6 9. Nd2 h6 10. b4 Bb6 11. a4 a5 12. Nc4 O-O 13. h3 Re8 14. Re1 Nd7 15.
Nxb6 Nxb6 16. Be3 Ba6 17. Bxa6 Rxa6 18. Qd3 1/2-1/2

[Event "OLSW 2122 SF Heidesheim - SK Landau"]
[Site "?"]
[Date "2022.02.13"]
[Round "6.4"]
[White "Karst, Elmar"]
[Black "Bruch, Jochen"]
[Result "1/2-1/2"]
[WhiteElo "2313"]
[BlackElo "2199"]
[PlyCount "94"]
[EventDate "2022.??.??"]

1. d4 Nf6 2. Bg5 e6 3. e4 h6 4. Bxf6 Qxf6 5. Nc3 a6 6. Qd2 d6 7. O-O-O g6 8. f4
Bg7 9. Nf3 Nd7 10. g3 Nb6 11. h4 h5 12. Kb1 Bd7 13. Bg2 Qe7 14. Qf2 O-O-O 15.
Rd3 Kb8 16. Rhd1 Rhe8 17. Ng5 f6 18. Nf3 f5 19. Ng5 Bc6 20. Re1 Qd7 21. Bh3 d5
22. e5 Qe7 23. Ka1 Nc4 24. Nb1 Bb5 25. Bf1 Nb6 26. Rc3 Bxf1 27. Rxf1 Bh6 28.
Nf3 Qd7 29. Nbd2 Bf8 30. Nb3 Na4 31. Re3 Qb5 32. Qe2 Qxe2 33. Rxe2 c5 34. dxc5
Nxc5 35. Nxc5 Bxc5 36. Rd1 Kc7 37. Red2 b5 38. Rd3 Kb6 39. Kb1 Rc8 40. R1d2 Be7
41. Nd4 Bc5 42. Nf3 Be7 43. Kc1 Rc7 44. Kd1 Rcc8 45. Rb3 Rc4 46. a3 Kc6 47.
Rbd3 Kb6 1/2-1/2

[Event "OLSW 2122 SF Heidesheim - SK Landau"]
[Site "?"]
[Date "2022.02.13"]
[Round "6.5"]
[White "Lang, Matthias"]
[Black "Enzmann, Steffen"]
[Result "1/2-1/2"]
[WhiteElo "2155"]
[BlackElo "2166"]
[PlyCount "25"]
[EventDate "2022.??.??"]

1. d4 Nf6 2. Nf3 g6 3. Bg5 Ne4 4. Bf4 Bg7 5. Nbd2 d5 6. c3 O-O 7. Nxe4 dxe4 8.
Nd2 f5 9. Qb3+ Kh8 10. e3 Nd7 11. Rd1 e5 12. Bxe5 Bxe5 13. dxe5 1/2-1/2

[Event "OLSW 2122 SF Heidesheim - SK Landau"]
[Site "?"]
[Date "2022.02.13"]
[Round "6.6"]
[White "Foerster, Erik"]
[Black "Bold, Andre"]
[Result "1/2-1/2"]
[WhiteElo "2081"]
[BlackElo "2133"]
[PlyCount "66"]
[EventDate "2022.??.??"]

1. Nf3 d5 2. g3 Nf6 3. d4 c6 4. c4 Bf5 5. Nc3 e6 6. Nh4 Bg6 7. Qb3 Qd7 8. Nxg6
hxg6 9. Bg2 Be7 10. O-O O-O 11. Re1 Rd8 12. Rd1 Na6 13. e4 Nxe4 14. Nxe4 dxe4
15. Bxe4 Nc5 16. Qc2 Nxe4 17. Qxe4 a5 18. a4 Bb4 19. Bf4 b5 20. axb5 cxb5 21.
b3 a4 22. c5 Bc3 23. c6 Qd5 24. Qxd5 exd5 25. c7 Rdc8 26. bxa4 b4 27. Ra2 g5
28. Bxg5 Rxc7 29. Bd2 Bxd2 30. Rdxd2 Rca7 31. Rdb2 Rxa4 32. Rxa4 Rxa4 33. h4 b3
1/2-1/2

[Event "OLSW 2122 SF Heidesheim - SK Landau"]
[Site "?"]
[Date "2022.02.13"]
[Round "6.7"]
[White "Wolfer, Joshua"]
[Black "Beck, Michael"]
[Result "1/2-1/2"]
[WhiteElo "2001"]
[BlackElo "2118"]
[PlyCount "82"]
[EventDate "2022.??.??"]

1. e4 e6 2. d4 d5 3. e5 c5 4. c3 Nc6 5. Be3 cxd4 6. cxd4 Bd7 7. Nf3 f6 8. exf6
Nxf6 9. Nc3 Bd6 10. Be2 O-O 11. O-O Rc8 12. Bg5 Qe8 13. Re1 Qg6 14. Bh4 Ne8 15.
Bg3 Bxg3 16. hxg3 Nd6 17. Bd3 Qf6 18. Qd2 Nf5 19. Bxf5 Qxf5 20. Ne5 Nxe5 21.
Rxe5 Qf6 22. Rae1 Rf7 23. Qe3 Rcf8 24. f3 h6 25. Ne2 g5 26. f4 g4 27. Nc3 Qg6
28. Qe2 Rc8 29. Kf2 Kg7 30. Rh1 Rf5 31. Re1 h5 32. Rxf5 Qxf5 33. Qe5+ Qxe5 34.
Rxe5 Kh6 35. Ke3 Rf8 36. Nd1 Rf5 37. Nf2 Rxe5+ 38. dxe5 Bb5 39. Nd1 Bf1 40. Kf2
Bd3 41. Ke3 Bf1 1/2-1/2

[Event "OLSW 2122 SF Heidesheim - SK Landau"]
[Site "?"]
[Date "2022.02.13"]
[Round "6.8"]
[White "Winkler, Nils"]
[Black "Kuhn, Daniel"]
[Result "1/2-1/2"]
[WhiteElo "1852"]
[BlackElo "1806"]
[PlyCount "87"]
[EventDate "2022.??.??"]

1. e4 e5 2. Nf3 Nc6 3. Bc4 Nf6 4. d3 Be7 5. c3 O-O 6. O-O d6 7. h3 h6 8. a4 Kh8
9. a5 a6 10. Re1 Ng8 11. d4 f5 12. exf5 Bxf5 13. Bxg8 Rxg8 14. dxe5 dxe5 15.
Qa4 Bd6 16. Nbd2 Rf8 17. Ne4 Bxh3 18. Ng3 Qf6 19. Qe4 Bf5 20. Nxf5 Qxf5 21. Ra4
Qxe4 22. Raxe4 Nxa5 23. Nxe5 Kg8 24. b4 Bxe5 25. Rxe5 Nc6 26. Rd5 Rad8 27. Red1
Rxd5 28. Rxd5 Rd8 29. Rxd8+ Nxd8 30. Kf1 Kf7 31. Ke2 Ke6 32. Bf4 c6 33. Kd3 Kf5
34. Bd6 Ne6 35. Ke3 h5 36. f4 g6 37. g3 b6 38. Kd3 h4 39. gxh4 Nxf4+ 40. Kd4
Ne6+ 41. Kd3 Nf4+ 42. Kd4 Ng2 43. Be7 Nf4 44. Bd6 1/2-1/2

[Event "OLSW 2122 SC Caissa Schwarzenbach - SVG"]
[Site "?"]
[Date "2022.02.13"]
[Round "6.1"]
[White "Mohammad, Samir"]
[Black "Mueller, Reinhold"]
[Result "1/2-1/2"]
[WhiteElo "2304"]
[BlackElo "2321"]
[PlyCount "91"]
[EventDate "2022.??.??"]

1. d4 Nf6 2. c4 c5 3. d5 e6 4. Nc3 exd5 5. cxd5 d6 6. e4 g6 7. f3 Bg7 8. Bg5 a6
9. a4 h6 10. Be3 O-O 11. Qd2 Kh7 12. Nge2 Nbd7 13. Ng3 Rb8 14. Be2 Ne8 15. O-O
Nc7 16. Rab1 b5 17. axb5 axb5 18. b4 Qf6 19. Rfc1 c4 20. f4 Nb6 21. Bf3 Na4 22.
Nxa4 bxa4 23. Rxc4 Nb5 24. Rbc1 Bd7 25. e5 dxe5 26. Ne4 Qd8 27. fxe5 Re8 28. e6
fxe6 29. d6 a3 30. Qa2 Rf8 31. h4 e5 32. Rc7 Bf5 33. Re7 Rc8 34. Rxc8 Qxc8 35.
Bc5 Bxe4 36. d7 Qa8 37. Bxe4 Qxe4 38. Rxg7+ Kh8 39. Qg8+ Rxg8 40. Rxg8+ Kxg8
41. d8=Q+ Kf7 42. Qf8+ Ke6 43. Qc8+ Kf6 44. Qf8+ Ke6 45. Qc8+ Kf6 46. Qf8+
1/2-1/2

[Event "OLSW 2122 SC Caissa Schwarzenbach - SVG"]
[Site "?"]
[Date "2022.02.13"]
[Round "6.2"]
[White "Jeschke, Jan"]
[Black "Oliwa, Patryk"]
[Result "1-0"]
[WhiteElo "2121"]
[BlackElo "2269"]
[PlyCount "63"]
[EventDate "2022.??.??"]

1. e4 e6 2. d4 d5 3. Nd2 Nf6 4. e5 Nfd7 5. Bd3 c5 6. c3 Nc6 7. Ne2 cxd4 8. cxd4
f6 9. exf6 Qxf6 10. Nf3 h6 11. Nf4 Bb4+ 12. Kf1 g5 13. Ng6 Rg8 14. Nfe5 Nxd4
15. Ng4 Qg7 16. h4 h5 17. Bxg5 hxg4 18. h5 Qf7 19. h6 g3 20. Be3 Nf5 21. Bxf5
Qxf5 22. h7 Rxg6 23. h8=Q+ Bf8 24. Qdh5 Qd3+ 25. Kg1 gxf2+ 26. Bxf2 Qe4 27. Rh2
Kd8 28. Rc1 Rf6 29. Qh4 Qf5 30. Q4xf6+ Nxf6 31. Qxf8+ Ne8 32. Bh4+ 1-0

[Event "OLSW 2122 SC Caissa Schwarzenbach - SVG"]
[Site "?"]
[Date "2022.02.13"]
[Round "6.3"]
[White "Bastian, Herbert"]
[Black "Chassard, Cedric"]
[Result "1-0"]
[WhiteElo "2255"]
[BlackElo "1961"]
[PlyCount "71"]
[EventDate "2022.??.??"]

1. e4 c5 2. Nc3 d6 3. Nf3 Nc6 4. d4 cxd4 5. Nxd4 Nf6 6. Bc4 e5 7. Nf3 Be7 8.
O-O O-O 9. Re1 a6 10. a4 Qc7 11. Nd5 Nxd5 12. Bxd5 Be6 13. c3 Bxd5 14. Qxd5
Rfc8 15. Be3 Nd8 16. a5 Qc4 17. Red1 Rc6 18. Ra3 Qxd5 19. exd5 Rc7 20. Nd2 f5
21. Bb6 Rd7 22. c4 Nf7 23. Rc3 e4 24. f4 Rc8 25. b3 Nh8 26. Nf1 Ng6 27. g3 Bf6
28. Rc2 Rf7 29. Ne3 Be7 30. b4 Nf8 31. c5 Nd7 32. cxd6 Rxc2 33. dxe7 Rc8 34.
Bd8 Nf6 35. d6 Rc6 36. Nd5 1-0

[Event "OLSW 2122 SC Caissa Schwarzenbach - SVG"]
[Site "?"]
[Date "2022.02.13"]
[Round "6.4"]
[White "Uhrig, Christian"]
[Black "Spielmann, Alain"]
[Result "0-1"]
[WhiteElo "2085"]
[BlackElo "2201"]
[PlyCount "118"]
[EventDate "2022.??.??"]

1. e4 c6 2. d4 d5 3. e5 Bf5 4. Nc3 Qb6 5. Bd3 Bxd3 6. Qxd3 e6 7. Be3 Qa6 8.
O-O-O Qxd3 9. Rxd3 Nd7 10. f4 Ne7 11. Nf3 h5 12. Nh4 Nf5 13. Nxf5 exf5 14. Bf2
Be7 15. Re1 Nf8 16. Rh3 Ne6 17. Be3 Bb4 18. Rd1 Bxc3 19. bxc3 b5 20. Rf3 Rb8
21. a3 Rb6 22. Kd2 Ra6 23. Ra1 Kd7 24. Rff1 Rb8 25. Rfb1 Rbb6 26. Rb4 Ra5 27.
Kd3 Rba6 28. Bc1 Nc7 29. Rbb1 Na8 30. h3 Nb6 31. Bd2 Rxa3 32. Rxa3 Rxa3 33. g4
hxg4 34. hxg4 fxg4 35. Rg1 g6 36. Ke2 Ra2 37. Kd3 Nc4 38. Rxg4 Ra1 39. Ke2 Rh1
40. Be1 a5 41. f5 gxf5 42. Rg8 a4 43. Ra8 a3 44. Ra7+ Ke6 45. Rc7 f4 46. Rxc6+
Kf5 47. Rf6+ Ke4 48. e6 Rh2+ 49. Bf2 fxe6 50. Rxe6+ Kf5 51. Ra6 Ne3 52. Ra8 Ng4
53. Rf8+ Ke6 54. Kf3 Nxf2 55. Kxf4 Ne4 56. Ra8 Rf2+ 57. Kg4 Rxc2 58. Rxa3 Rxc3
59. Ra6+ Nd6 0-1

[Event "OLSW 2122 SC Caissa Schwarzenbach - SVG"]
[Site "?"]
[Date "2022.02.13"]
[Round "6.5"]
[White "Vogel, Christian"]
[Black "Gress, Alexander"]
[Result "1-0"]
[WhiteElo "2179"]
[BlackElo "2120"]
[PlyCount "63"]
[EventDate "2022.??.??"]

1. Nf3 c5 2. g3 Nf6 3. Bg2 Nc6 4. d4 cxd4 5. Nxd4 g6 6. O-O Bg7 7. e4 O-O 8.
Ne2 d6 9. Nbc3 Bg4 10. h3 Be6 11. Nf4 Bc4 12. Re1 e5 13. Nfe2 Rc8 14. Bg5 Qb6
15. b3 Bxe2 16. Nxe2 Nd4 17. c4 Nd7 18. Nc3 Kh8 19. Nd5 Qc5 20. Rc1 a5 21. Qg4
f5 22. exf5 gxf5 23. Qh4 Rf7 24. Qh5 Rcf8 25. Kh1 Nf6 26. Qh4 f4 27. g4 f3 28.
Bf1 Nxd5 29. cxd5 Qxd5 30. Bc4 Qc5 31. Bxf7 Qb4 32. Bg6 1-0

[Event "OLSW 2122 SC Caissa Schwarzenbach - SVG"]
[Site "?"]
[Date "2022.02.13"]
[Round "6.6"]
[White "Forthoffer, Patrick"]
[Black "Busche, Stefan"]
[Result "1/2-1/2"]
[WhiteElo "2130"]
[BlackElo "2077"]
[PlyCount "102"]
[EventDate "2022.??.??"]

1. d4 Nf6 2. c4 g6 3. g3 Bg7 4. Bg2 d5 5. Nf3 O-O 6. O-O Nc6 7. cxd5 Nxd5 8. e4
Nb6 9. d5 Na5 10. Qe1 Nac4 11. Nc3 e6 12. b3 Nd6 13. Bg5 Bxc3 14. Bxd8 Bxe1 15.
Bxc7 Bc3 16. Bxd6 Bxa1 17. Bxf8 Bb2 18. Bh6 exd5 19. exd5 Nxd5 20. Ng5 Nb4 21.
Re1 Bf5 22. Re7 Bf6 23. Rxb7 Bxg5 24. Bxg5 Re8 25. h4 a5 26. Ra7 Nxa2 27. Bc6
Rc8 28. Bd5 Be6 29. Rxa5 Bxd5 30. Rxd5 Kg7 31. Bf4 Nc1 32. Be5+ Kg8 33. Rb5 Re8
34. Bf6 Rc8 35. b4 Nd3 36. Kg2 h6 37. Rb7 Re8 38. Bd4 Rd8 39. Be3 Kg7 40. Bb6
Re8 41. Bd4+ Kg8 42. b5 g5 43. hxg5 hxg5 44. g4 Re4 45. Rb8+ Kh7 46. Rh8+ Kg6
47. b6 Rxg4+ 48. Kf1 Rxd4 49. b7 Rb4 50. b8=Q Rxb8 51. Rxb8 Nf4 1/2-1/2

[Event "OLSW 2122 SC Caissa Schwarzenbach - SVG"]
[Site "?"]
[Date "2022.02.13"]
[Round "6.7"]
[White "Jenner, Meikel"]
[Black "Holle, Cedric"]
[Result "0-1"]
[WhiteElo "1977"]
[BlackElo "2103"]
[PlyCount "62"]
[EventDate "2022.??.??"]

1. e4 e5 2. f4 exf4 3. Nf3 Nc6 4. h4 Nf6 5. Nc3 d5 6. exd5 Nxd5 7. Bc4 Nxc3 8.
bxc3 Bd6 9. d4 Bg4 10. Kf2 O-O 11. Qd3 Qf6 12. Rb1 Rae8 13. Bd5 Bf5 14. Qd2 Qg6
15. Rxb7 Ne7 16. Bc4 Be4 17. Rb5 Qg3+ 18. Kg1 Nf5 19. Rh3 Qg4 20. Be2 Bc6 21.
Ra5 Ng3 22. Bd1 Bxf3 23. Bxf3 Qe6 24. Kf2 Re7 25. Ba3 Bxa3 26. Rxa3 Qd6 27.
Rxa7 Rfe8 28. Ra8 Rxa8 29. Bxa8 Re2+ 30. Qxe2 Nxe2 31. Kxe2 Qa6+ 0-1

[Event "OLSW 2122 SVG Saarbrücken - SC GEMA St"]
[Site "?"]
[Date "2022.03.13"]
[Round "7.1"]
[White "Aditya, Pai"]
[Black "Philippe, Christophe"]
[Result "0-1"]
[WhiteElo "1575"]
[BlackElo "2374"]
[PlyCount "46"]
[EventDate "2022.??.??"]

1. e4 c5 2. Nf3 Nc6 3. c3 Nf6 4. e5 Nd5 5. d4 cxd4 6. cxd4 d6 7. Bc4 e6 8. O-O
Be7 9. Nbd2 O-O 10. Ne4 dxe5 11. dxe5 b6 12. Qe2 Na5 13. Bd3 Nb4 14. Nf6+ gxf6
15. Bxh7+ Kxh7 16. exf6 Bxf6 17. Ng5+ Bxg5 18. Qh5+ Kg7 19. Bxg5 Rh8 20. Qg4 f6
21. Bh6+ Kxh6 22. f4 Qg8 23. Qf3 Bb7 0-1

[Event "OLSW 2122 SVG Saarbrücken - SC GEMA St"]
[Site "?"]
[Date "2022.03.13"]
[Round "7.2"]
[White "Mohammad, Samir"]
[Black "Zengerle, Tobias"]
[Result "1-0"]
[WhiteElo "2304"]
[BlackElo "1953"]
[PlyCount "85"]
[EventDate "2022.??.??"]

1. d4 Nf6 2. c4 e6 3. Nc3 Bb4 4. e3 b6 5. Nge2 Ne4 6. Qc2 Bb7 7. a3 Bxc3+ 8.
Nxc3 f5 9. Be2 Nxc3 10. Qxc3 d6 11. O-O O-O 12. b4 Nd7 13. f3 Qe7 14. Bd2 Rac8
15. a4 e5 16. a5 exd4 17. exd4 c5 18. Rfe1 Qf6 19. bxc5 bxc5 20. d5 Qxc3 21.
Bxc3 Ba6 22. Bd3 Rce8 23. Rxe8 Rxe8 24. Bxf5 Nf8 25. Bd3 Re3 26. Rd1 Bxc4 27.
Bxc4 Rxc3 28. Bb5 Ra3 29. a6 Ra5 30. Rb1 Ng6 31. Bf1 Ne5 32. Rb7 c4 33. Rxa7 c3
34. Rc7 Ra3 35. h3 g5 36. Kf2 h5 37. Be2 Kf8 38. Ke3 Ke8 39. a7 Kd8 40. Rb7 c2+
41. Kd2 Rc3 42. a8=Q+ Rc8 43. Qa5+ 1-0

[Event "OLSW 2122 SVG Saarbrücken - SC GEMA St"]
[Site "?"]
[Date "2022.03.13"]
[Round "7.3"]
[White "Joeres, Roman"]
[Black "Oliwa, Patryk"]
[Result "0-1"]
[WhiteElo "1865"]
[BlackElo "2255"]
[PlyCount "102"]
[EventDate "2022.??.??"]

1. d4 Nf6 2. c4 e6 3. Nf3 c5 4. g3 cxd4 5. Nxd4 d5 6. Bg2 e5 7. Nf3 d4 8. O-O
Nc6 9. e3 d3 10. e4 Be6 11. Qa4 Bc5 12. Nxe5 O-O 13. Nxc6 bxc6 14. Bg5 h6 15.
Bxf6 Qxf6 16. Nc3 Rab8 17. Rab1 Rfc8 18. Nd1 Rb4 19. Qa6 Qd8 20. Rc1 Bg4 21. b3
Be2 22. Ne3 Rbb8 23. Bh3 Rc7 24. Qa5 Bb4 25. Qe5 Re7 26. Qf4 Bd6 27. Qh4 Bf3
28. Nf5 Rxe4 29. Qxd8+ Rxd8 30. Nxd6 Rxd6 31. Bg2 d2 32. Bxf3 dxc1=Q 33. Rxc1
Red4 34. b4 Rf6 35. Rc3 g5 36. h3 Kf8 37. a4 Ke7 38. b5 c5 39. a5 Rd2 40. Ra3
Rb2 41. b6 axb6 42. a6 Rxf3 43. Rxf3 Ra2 44. Rb3 Rxa6 45. Kg2 Kd6 46. Kf3 Ke5
47. Ke3 f6 48. f3 h5 49. f4+ gxf4+ 50. gxf4+ Kf5 51. Kf3 Ra4 0-1

[Event "OLSW 2122 SVG Saarbrücken - SC GEMA St"]
[Site "?"]
[Date "2022.03.13"]
[Round "7.4"]
[White "Bastian, Herbert"]
[Black "Friedrich, Elias"]
[Result "0-1"]
[WhiteElo "2257"]
[BlackElo "1749"]
[PlyCount "96"]
[EventDate "2022.??.??"]

1. e4 e5 2. Nf3 Nc6 3. Bc4 Bc5 4. c3 Nf6 5. d3 O-O 6. O-O d6 7. Nbd2 Ne7 8. d4
exd4 9. cxd4 Bb6 10. Bd3 Bg4 11. Qc2 Ng6 12. h3 Bh5 13. Re1 Nf4 14. Bf1 Ba5 15.
Re3 c6 16. Rb3 Bb6 17. Re3 Ne6 18. Qd3 d5 19. e5 Bg6 20. Qa3 Ne4 21. Nb3 N4g5
22. Bd2 Nxf3+ 23. Rxf3 Nxd4 24. Nxd4 Bxd4 25. Bc3 Bb6 26. Rd1 Qg5 27. Bb4 Rfe8
28. Bc5 Bxc5 29. Qxc5 Rxe5 30. Rb3 Qe7 31. Qc3 Re6 32. a4 Rd8 33. a5 c5 34. Rb5
b6 35. axb6 axb6 36. Qa3 h6 37. Qa6 Qc7 38. b4 d4 39. bxc5 bxc5 40. Qa4 Rb6 41.
Ra5 Rb4 42. Qa3 Bc2 43. Ra1 d3 44. Qc3 Rb3 45. Qd2 c4 46. Ra7 Rb7 47. R7a3 Qe5
48. Re1 Qxe1 0-1